TOP10 gagnants du Top14 par nombre de victoire - Statistiques

Statistiques générales
  • Ce quiz a été pris 578 fois
  • Le résultat moyen est 6 sur 10
Statistiques - réponses
Nombre de victoires Club % Correct
21 Stade Toulousain
100%
4 RC Toulon
88%
14 Stade Français
87%
5 RC France
83%
7 Stade Bordelais UC
63%
5 Castres Olympique
62%
5 Biarritz Olympique
55%
11 AS Béziers
42%
8 SU Agen
37%
8 FC Lourdes
26%
Aucun quiz correspondant
Distribution des résultats
% des personnes avec chaque résultat
Percentile par nombre de réponses
Votre historique - résultats
Vous n’avez pas pris ce quiz